| 000 | 00490cam a2200169u 4500 | ||
|---|---|---|---|
| 001 | unk81038368 | ||
| 003 | DLC | ||
| 005 | 20260227112758.0 | ||
| 008 | 811117s1842 nyu 000 0 eng | ||
| 010 | _aunk81038368 | ||
| 040 |
_aDLC _cCarP _dDLC |
||
| 050 | 0 | 0 |
_aAP2 _b.N62722 no. 29-30 (Rare Bk. Coll.) |
| 100 | 1 |
_aLiebig, Justus, _cFreiherr von, _d1803-1873. |
|
| 245 | 1 | 0 | _aChemistry in its application to agriculture and physiology... |
| 260 |
_aN.Y., _c1842. |
||
| 300 |
_a64 p. _c30 cm. |
||
| 999 |
_c91334 _d91334 |
||